000 00846nam0a2200253 4500
001 RU\NLR\bibl\1883557
005 20250616194211.0
010 _a978-5-88526-538-6
_9300
021 _aRU
_b2012-15607
_91173
035 _a(NLR Aleph) 001873303
090 _a2690896
_c2690896
100 _a20120323d2012 |||y0rusy50 ca
101 0 _arus
102 _aRU
105 _ay |||||||||
200 1 _aЯзык в учебно-профессиональной сфере (на материале текстов по лингвистике)
210 _aЛипецк
_cЛГПУ
_d2012
215 _d21
700 1 _aШкурат
_bЛ. С.
_4070
801 0 _aRU
_bNLR
_c20120323
_gRCR
801 1 _aRU
_bNLR
_c20120323
942 _cBOOK
980 _aNB